Statistiken für Disney Love Songs Quiz

Klicken Sie hier um das Quiz zu spielen!

Allgemein

  • Dieses Quiz wurde 519 mal gespielt
    (506 seit der letzten Aktualisierung)
  • Das Durchschnittsergebnis liegt bei 7 aus 15

Antwortstatistiken

HintAntwort% Korrekt
Simba & NalaKann es wirklich Liebe sein
79%
Anna & HansLiebe öffnet Tür'n
71%
Aladdin & JasminEin Traum wird wahr / In meiner Welt
68%
RapunzelEndlich sehe ich das Licht
63%
Mulan, Yao, Chien-Po, Chi-Fu & LingEine Frau, für die ein Kampf sich lohnt
58%
KalaDir gehört mein Herz
55%
SebastianKüss sie doch / Nur ein Kuss
53%
ToniBella Notte (Schön ist die Nacht)
49%
Kristoff & SvenVerlassen im Wald
44%
RayIch lieb' dich, Evangeline!
42%
Meg & die MusenIch will keinen Mann
41%
CinderellaIch hab Ihn im Traum gesehen
30%
Belle & das BiestWer hätt's gedacht
28%
Dornröschen & PhilippIch Kenn' Dich
13%
Bambi & FelineIch singe mein Lied
13%

Verteilung der Resultate

Perzentil nach korrekt beantworteten Fragen

Anzahl Personen mit jedem Resultat

Ihre Resultats-Entwicklung

Sie haben dieses Quiz seit der letzten Aktualisierung nicht gespielt